Fire safety in purpose-built blocks of flats (Record no. 121467)
[ view plain ]
| 000 -LEADER | |
|---|---|
| fixed length control field | 01515nam a22002177a 4500 |
| 008 - FIXED-LENGTH DATA ELEMENTS--GENERAL INFORMATION | |
| fixed length control field | 230414s2011 xxk|||||o||||o001 0 eng d |
| 041 ## - LANGUAGE CODE | |
| Language code of text/sound track or separate title | eng |
| 245 ## - TITLE STATEMENT | |
| Title | Fire safety in purpose-built blocks of flats |
| Medium | [Electronic resource] |
| 260 ## - PUBLICATION INFORMATION | |
| Publisher | Home Office, |
| Date | 2011 |
| 300 ## - PHYSICAL DESCRIPTION | |
| Physical description | 193p. |
| 500 ## - GENERAL NOTE | |
| General note | The guide was originally produced in 2011 and summarised the legislation, guidance and best practice at the time of writing and should be viewed as no longer comprehensive. The Home Office is working on a revised version of this guide which they intend to publish in 2023. In the interim, it is continued to be made available to fire safety professionals as it contains relevant and useful information for purpose-built blocks of flats |
| 520 ## - ABSTRACT | |
| Abstract | This document is a guide to ensuring adequate fire safety in purpose-built blocks of flats, regardless of age. Practical advice is offered on how to assess the risk from fire and how to manage fire safety in such buildings. The document also includes case studies based on the commonly found issues in blocks of flats, with suggested fire safety solutions. |
| 650 ## - KEYWORDS | |
| Keywords | FIRE DOORS |
| 650 ## - KEYWORDS | |
| Keywords | FIRE SAFETY |
| 650 ## - KEYWORDS | |
| Keywords | PURPOSE BUILT FLATS |
| 651 ## - SUBJECT ADDED ENTRY--GEOGRAPHIC NAME | |
| Geographic name | United Kingdom |
| 690 ## - BROAD SUBJECT | |
| 9 (RLIN) | 6244 |
| Broad subject | Health and safety |
| 710 ## - ADDED CORPORATE NAME | |
| Added corporate author | Home Office |
| 856 ## - ONLINE RESOURCE | |
| Uniform Resource Identifier | <a href="https://assets.publishing.service.gov.uk/government/uploads/system/uploads/attachment_data/file/1128493/Fire_Safety_in_Purpose_Built_Blocks_of_Flats_Guide-update.pdf">https://assets.publishing.service.gov.uk/government/uploads/system/uploads/attachment_data/file/1128493/Fire_Safety_in_Purpose_Built_Blocks_of_Flats_Guide-update.pdf</a> |
| Public note | Available on .gov.uk |
| 942 ## - ADDED ENTRY ELEMENTS (KOHA) | |
| Suppress in OPAC | Do not suppress in OPAC |
| Lost status | Damaged status | Not for loan | Home library | Current library | Shelving location | Date acquired | Total Checkouts | Date last seen | Price effective from | Koha item type |
|---|---|---|---|---|---|---|---|---|---|---|
| Virtual | Virtual | Online | 14/04/2023 | 14/04/2023 | 14/04/2023 | Online material |